000 00556nam a22001457a 4500
020 _a978-0-7515-4088-8
082 _a823
_bSPA/R
100 _aSPARKS,NICHOLAS
245 _aTHE RESCUE
260 _aLONDON
_bSPHERE
300 _a372
520 _aNicholas Sparks The Rescue. When confronted by raging fires or deadly accidents, volunteer fireman Taylor McAden feels compelled to take terrifying risks to save lives. But there is one leap of faith Taylor can't bring himself to make: he can't fall in love.
650 _aENGLISH NOVEL
_zLONDON
942 _cBK
999 _c3363
_d3363